Small tests and compulsory compensation for the non-participation in lesson

Skúsenosti doktorandky vyučujúcej na Podnikovohospodárskej fakulte v Košiciach, Ekonomickej univerzity v Bratislave. Ako motivovať študentov. Zmena štruktúry vyučovania. Dialóg medzi učiteľom a študentami. Nový prvok vo výučbe - malé testy a povinná kompenzácia vo forme eseje za neprítomnosť na vyuč...

Description complète

Enregistré dans:
Détails bibliographiques
Auteur principal: Karchová, Magdaléna, 1981-
Format: Chapitre de livre
Langue:anglais
Sujets:
Tags: Ajouter un tag
Pas de tags, Soyez le premier à ajouter un tag!

MARC

LEADER 00000naa$a2200000$$$4500
001 0056298
005 20240502083138.6
041 0 |a eng 
044 |a HU 
245 1 0 |a Small tests and compulsory compensation for the non-participation in lesson  |c Magdaléna Karchová 
520 |a Skúsenosti doktorandky vyučujúcej na Podnikovohospodárskej fakulte v Košiciach, Ekonomickej univerzity v Bratislave. Ako motivovať študentov. Zmena štruktúry vyučovania. Dialóg medzi učiteľom a študentami. Nový prvok vo výučbe - malé testy a povinná kompenzácia vo forme eseje za neprítomnosť na vyučovacej hodine. Povinná kompenzácia ako motivačný element pre študentov. Doporučená literatúra a zdroje. 
610 2 0 |a univerzity 
610 2 0 |a učitelia 
610 2 0 |a študenti 
610 2 0 |a motivácia 
610 2 0 |a testy 
100 1 |a Karchová, Magdaléna, 1981-